Mixed Word: 5 Letter A-Z V Quiz Stats

 Plays Quiz Updated Oct 26, 2018

Challenge
Share
Tweet
Embed
Score 0/26 Timer 02:00
1 Play Today
Scrambled Word Answer % Correct
ROAMAAroma
99.2%
REFVEFever
96.1%
ORMOBBroom
95.3%
CMOCIComic
92.9%
REDVIDiver
91.8%
YAKKAKayak
90.9%
KCQAUQuack
86.1%
SAYESEssay
85.8%
AECONOcean
84.8%
ITONJJoint
84.5%
PUILTTulip
84.1%
OTMOTMotto
80.6%
USLPEPulse
80.4%
Scrambled Word Answer % Correct
HTLEOHotel
78.7%
ASADLSalad
78.3%
ULVAEValue
76.9%
NIIGCIcing
75.7%
ANGWOWagon
73.8%
MAODNNomad
72.8%
ACRRERacer
72.2%
SEENGGenes
71.7%
BEZARZebra
65.1%
UYOTHYouth
63.7%
NEXONXenon
63.2%
USOCLLocus
61.6%
UTEINUntie or Unite
42.7%

You're not logged in!

Compare scores with friends on all Sporcle quizzes.
OR
Log In

You Might Also Like...

Show Comments

Extras

Top Quizzes Today


Score Distribution

Your Account Isn't Verified!

In order to create a playlist on Sporcle, you need to verify the email address you used during registration. Go to your Sporcle Settings to finish the process.

Report this User

Report this user for behavior that violates our Community Guidelines.

Details: